Auto des Jahres 1964 - 2024 - Statistiken

Allgemein
  • Dieses Quiz wurde 52 mal gespielt
  • Das Durchschnittsergebnis liegt bei 21 aus 62
Antwortstatistiken
Jahr Klasse Baujahre Auto des Jahres % Korrekt
1996 Kompaktklasse 1995 - 2001 Fiat Bravo / Brava Typ 182
100%
2009 MK 2008 - 2017 Opel Insignia A
91%
1987 Obere MK 1986 - 1993 Opel Omega A
91%
2016 Kompaktklasse seit 2015 Opel Astra K
77%
1985 Kompaktklasse 1984 - 1993 Opel Kadett E
64%
1974 Oberklasse 1972 - 1980 Mercedes 450 SE
62%
2015 MK seit 2014 VW Passat B8 Typ 3G
57%
2010 Kleinwagen 2008 - 2017 VW Polo V
57%
1992 Kompaktklasse 1991 - 1997 VW Golf III
51%
1982 Kompaktklasse 1981 - 1988 Renault 9 (R9l
49%
2013 Kompaktklasse seit 2012 VW Golf VII
45%
1973 MK 1972 - 1978 Audi 80 B1
40%
1967 Untere MK 1966 - 1985 Fiat 124
40%
1972 Kleinwagen 1971 - 1987 Fiat 127
40%
1970 Kompaktklasse 1969 - 1983 Fiat 128
40%
2008 Kleinstwagen 2007 Fiat 500
40%
1983 Obere MK 1982 - 1991 Audi 100 C3
38%
1999 Kompaktklasse 1998 - 2004 Ford Focus '98
38%
1966 MK 1965 - 1980 Renault 16
38%
1994 MK 1993 - 1996 Ford Mondeo '93
36%
1981 Kompaktklasse 1980 - 1985 Ford Escort '81
34%
2012 Kompaktklasse 2012 - 2016 Opel Ampera
34%
1978 Sportwagen 1977 - 1995 Porsche 928
34%
1991 Kleinwagen 1990 - 1998 Renault Clio I
34%
2006 Kleinwagen 2005 - 2014 Renault Clio III
34%
2003 Kompaktklasse 2002 - 2009 Renault Mégane II
34%
2004 Kleinstwagen 2003 - 2012 Fiat Panda Typ 169
32%
1995 Kleinwagen 1993 - 2000 Fiat Punto Typ 176
32%
2007 Van / Sportvan 2006 - 2014 Ford S-MAX
32%
2020 Kleinwagen seit 2019 Peugeot 208
32%
2017 SUV seit 2016 Peugeot 3008
32%
2014 Kompaktklasse seit 2013 Peugeot 308
32%
1997 Kompaktvan seit 1996 Renault Mégane Scénic
32%
2024 SUV / Kombilimousine seit 2024 Renault Scénic E-Tech
32%
1986 Obere MK 1985 - 1998 Ford Scorpio '85
30%
2002 Kompaktklasse 2001 - 2009 Peugeot 307
30%
1988 MK 1987 - 1996 Peugeot 405
30%
1969 Obere MK 1968 - 2005 Peugeot 504
30%
2018 Kompakt - SUV seit 2017 Volvo XC40
30%
1989 Kompaktklasse 1988 - 1995 Fiat Tipo
28%
1984 Kleinwagen 1983 - 1995 Fiat Uno
28%
2005 MK 2003 - 2009 Toyota Prius II
28%
2000 Kleinwagen / Minivan 1998 - 2006* Toyota Yaris
28%
2021 Kleinwagen / Minivan seit 1998* Toyota Yaris
28%
2022 SUV / Kombilimousine seit 2021 Kia EV6
23%
2012 Kompaktklasse 2010 - 2015 Chevrolet Volt
21%
1975 Obere MK 1974 - 1991 Citroën CX
21%
1990 Obere MK 1989 - 2000 Citroën XM
21%
1968 Obere MK 1967 - 1977 NSU Ro 80
21%
2023 SUV / Kombilimousine seit 2023 Jeep Avenger
19%
2011 Kompaktklasse seit 2010 Nissan Leaf
19%
1993 Kleinwagen 1992 - 2003 Nissan Micra K11
19%
2019 SUV seit 2018 Jaguar I-Pace
15%
1980 Kompaktklasse 1979 - 19942008 - 2014 Lancia Delta
15%
1964 Obere MK 1963 - 1977 Rover P6 2000
13%
2001 Kompaktklasse 2000 - 2010 Alfa Romeo 147
11%
1998 MK 1997 - 2007 Alfa Romeo 156
11%
1977 Obere MK 1976 - 1986 Rover 3500 SD1
11%
1965 MK 1964 - 1975 Austin 1800
2%
1971 Untere MK 1970 - 1986 Citroën GS
0%
1976 MK 1975 - 1986 Simca 1307/ 1308
0%
1979 Kompaktklasse 1978 - 1986 Simca Horizon
0%
Keine übereinstimmenden Quizze gefunden
Verteilung der Resultate
Anzahl Personen mit jedem Resultat
Perzentil nach korrekt beantworteten Fragen
Ihre Resultats-Entwicklung
Sie haben dieses Quiz noch nicht gespielt